Κατάλογος Βιβλιοθηκών Mediterranean College

Εισαγωγή στη Δημόσια Διοίκηση / Β' 'Εκδοση Αναθεωρημένη (Record no. 3767)

MARC details
000 -LEADER
fixed length control field 02041cam a22001934a 4500
005 - ΗΜΕΡΟΜΗΝΙΑ ΚΑΙ ΩΡΑ ΤΕΛΕΥΤΑΙΑΣ ΕΝΗΜΕΡΩΣΗΣ
Πεδίο ελέγχου 20250605164124.0
008 - FIXED-LENGTH DATA ELEMENTS--GENERAL INFORMATION
Πεδίο ελέγχου σταθερού μήκους 250528s ||||||||||||||||||||||||d
035 ## - SYSTEM CONTROL NUMBER
System control number 18406
040 ## - ΠΗΓΗ ΚΑΤΑΛΟΓΟΓΡΑΦΗΣΗΣ
Φορέας πρωτότυπης καταλογογράφησης MC Athens Campus Library
Γλώσσα καταλογογράφησης Ελληνικά, Μοντέρνα (1453-)
Modifying agency MC Athens Campus Library
Κανόνες περιγραφικής καταλογογράφησης AACR2
245 1# - ΤΙΤΛΟΣ ΚΑΙ ΔΗΛΩΣΗ ΥΠΕΥΘΥΝΟΤΗΤΑΣ
Τίτλος Εισαγωγή στη Δημόσια Διοίκηση / Β' 'Εκδοση Αναθεωρημένη
250 ## - EDITION STATEMENT
Edition statement
260 ## - PUBLICATION, DISTRIBUTION, ETC.
Name of publisher, distributor, etc. Αντ. Σάκκουλας,
Date of publication, distribution, etc. 1998
300 ## - PHYSICAL DESCRIPTION
Extent 472
520 ## - SUMMARY, ETC.
Summary, etc. Πρόλογος, Συντομογραφίες, Διοικητική Επιστήμη και Εκτελεστική Λειτουργία, Εισαγωγή στη Διοικητική Επιστήμη, Εκτελεστική Λειτουργία και Δημόσια Διοίκηση, Αναφορά στο Μάνατζμεντ, Εισαγωγή στη Δημόσια Διοίκηση, Ιστορική Επισκόπηση, Συνταγματικό Πλαίσιο, Οργάνωση και Μεταρρύθμιση της Δημόσιας Διοίκησης, Διοικητική Οργάνωση του Κράτους - Συστήματα, Διοίκηση, Υπηρεσιακή Κατάσταση Προσωπικού Δημόσιας Διοίκησης (Δημόσια Υπαλληλία), Χρηματοδότηση του Δημοσίου Τομέα, Συμπερασματικές Παρατηρήσεις, Ειδικά Θέματα Δημόσιας Διοίκησης, Το Νέο Βαθμολόγιο των Δημόσιων Υπαλλήλων, Προσχέδιο Υπαλληλικού Κώδικα - Ένα Πρώτο Σχόλιο, Ο Εκδημοκρατισμός της Δημόσιας Διοίκησης, Ο Συνδικαλισμός, Ο Εκδημοκρατισμός της Δημόσιας Διοίκησης - Η Αξιοκρατία, Δημόσια Διοίκηση: Στελέχωση μέσα από την Εκπαίδευση, Η Δημόσια Διοίκηση και το 1992.
700 1# - ΠΡΟΣΘΕΤΗ ΑΝΑΓΡΑΦΗ--ΦΥΣΙΚΟ ΠΡΟΣΩΠΟ
Personal name Παγκάκη Γρ. Λ
9 (RLIN) 4679
942 ## - ADDED ENTRY ELEMENTS (KOHA)
Koha item type Books
Holdings
Τύπος τεκμηρίου Βιβλιοθήκη Τρέχουσα τοποθεσία Barcode Αριθμός εισαγωγής Ημερομηνία απόκτησης Ταξιθετικό σύμβολο Αριθμός αντιτύπου Κατάσταση απόσυρσης Κατάσταση χαμένου Κατάσταση κατεστραμμένου Μη δανεισμός Σύνολο δανεισμών Ημερομηνία τελευταίας εμφάνισης Η τιμή ισχύει από
Books MC Athens Campus Library MC Athens Campus Library 9780000037664 3081 05/06/2025 351 PAG 1           05/06/2025 05/06/2025

MC Athens Campus Library
Πατησίων 94 & Κοδριγκτώνος 13, 104 34
Πελλήνης 8 & Πατησίων 107, 112 51
Τ: +30 210 8899600

MC Thessaloniki Campus Library
Ίωνος Δραγούμη 21, 54625 | Ίωνος Δραγούμη 15, 54625
Τ: +30 2310 287779 – Τ: +30 2314 440300